| 000 | 00559nam a2200205Ia 4500 | ||
|---|---|---|---|
| 005 | 20260429112305.0 | ||
| 008 | 260429s9999||||xx |||||||||||||| ||und|| | ||
| 020 | _a9798887153650 | ||
| 041 | _aEnglish | ||
| 082 |
_a658.8 _bMIL |
||
| 100 | _aMiller, Aston Paul | ||
| 245 | 0 |
_aMarketing of fish and fish products / _cAston Paul Miller |
|
| 250 | _a1st ed. | ||
| 260 |
_aDublin : _bOryson Press, _c2024. |
||
| 300 | _aix, 260 p.; hb | ||
| 650 | _a Fisheries economics | ||
| 650 | _a Food products marketing | ||
| 650 | _aFish marketing | ||
| 942 | _cTB | ||
| 999 |
_c53341 _d53341 |
||